000 00649nam a2200253Ia 4500
003 OSt
005 20221005100102.0
006 a|||||r|||| 00| 0
007 ta
008 221004b |||||||| |||| 00| 0 mar d
024 _a40128
037 _cTextual
040 _aCRL
_cCRL
_bmar
041 _2mar
_amar
082 _aO15,1F75,1, 155A
100 _aShrihaksha
_9620674
245 0 _aNaishadha
260 _aPune
_bIndia
300 _a234p.
_ccm.
650 _a SANSKRIT LITERATURE
650 _aMARATHI LITERATURE
_938000
942 _hO15,1F75,1, 155A
_cTEXL
_2cc
999 _c1004619
_d1004619